|
|
|
|
| LEADER |
02002nam a2200469 a 4500 |
| 001 |
000605546 |
| 003 |
CZ BrMZK |
| 005 |
20090727083724.0 |
| 007 |
ta |
| 008 |
020611s2001 xr e c cze d |
| 015 |
|
|
|a cnb001161015
|
| 020 |
|
|
|a 80-85112-33-7
|
| 035 |
|
|
|a (OCoLC)51185618
|
| 040 |
|
|
|a BOA001
|b cze
|
| 043 |
|
|
|a e-xr---
|b e-xr-pl
|2 czenas
|
| 045 |
|
|
|a x0x2
|
| 072 |
|
7 |
|a 72/76
|x Výtvarné umění
|2 Konspekt
|9 21
|
| 080 |
|
|
|a 75(437.3)
|2 MRF
|
| 080 |
|
|
|a 730(437.3)
|2 MRF
|
| 080 |
|
|
|a 75.036/.038
|2 MRF
|
| 080 |
|
|
|a 730.036/.038
|2 MRF
|
| 080 |
|
|
|a 72/76:069.5
|2 MRF
|
| 080 |
|
|
|a (437.317)
|2 MRF
|
| 080 |
|
|
|a (083.824)
|2 MRF
|
| 245 |
0 |
0 |
|a České malířství a sochařství 1905-1925 ze sbírek Západočeské galerie v Plzni :
|b [Západočeská galerie v Plzni, Státní galerie ve Zlíně, Východočeská galerie v Pardubicích : Dům umění ve Zlíně, 16. prosince 2000 - 11. března 2001 : Dům u Jonáše v Pardubicích, 20. března - 10. června 2001 /
|c texty v katalogu: Ludvík Ševeček]
|
| 260 |
|
|
|a Pardubice :
|b Východočeská galerie,
|c 2001
|
| 300 |
|
|
|a 1 složený l. (6 s.) :
|b il. (větš. barev.) ;
|c 27 cm
|
| 500 |
|
|
|a Katalog výstavy
|
| 648 |
|
4 |
|a 1905-1925
|
| 650 |
0 |
7 |
|a české malířství
|7 ph116864
|y 20. stol.
|2 czenas
|
| 650 |
0 |
7 |
|a české sochařství
|7 ph128152
|y 20. stol.
|2 czenas
|
| 650 |
0 |
7 |
|a moderní malířství
|7 ph122940
|z Česko
|2 czenas
|
| 650 |
0 |
7 |
|a moderní sochařství
|7 ph122941
|z Česko
|2 czenas
|
| 650 |
0 |
7 |
|a umělecké sbírky
|7 ph135222
|z Česko
|2 czenas
|
| 655 |
|
7 |
|a katalogy výstav
|7 fd132536
|2 czenas
|
| 610 |
2 |
7 |
|a Západočeská galerie (Plzeň, Česko)
|7 kn20010709207
|2 czenas
|
| 651 |
|
7 |
|a Plzeň (Česko)
|7 ge130439
|2 czenas
|
| 700 |
1 |
|
|a Ševeček, Ludvík,
|d 1944-
|7 ola2002146316
|4 wfw
|
| 710 |
2 |
|
|a Východočeská galerie (Pardubice, Česko)
|7 kn20020322239
|
| 910 |
|
|
|a BOA001
|b 3-1104.147
|
| 990 |
|
|
|a BK
|
| 996 |
6 |
|
|b 2610161017
|c 3-1104.147
|l MZK
|r Sklad / do 1 hodiny
|n 5
|p p.v.
|w 000605546
|u 000010
|a 1
|e BOA001
|j MZK50
|s P
|